000 00523cam a2200217ua 4500
001 7697
005 20260515114239.0
008 141220n ii |||gr||||Z||||||asm
020 _a108173390091
040 _cMAIN
041 _aasm
082 _a954.162
100 _aHussain, T. A.,
_eAuthor.
245 _aAssam history :
_b1826-1947 /
_cBy T. A. Hussain .
250 _a2nd.
260 _aDibrugarh:
_bBanalata,
_c2012.
300 _a125p.
653 _aSouth Asia India
653 _aAssam history
942 _cBK
999 _c6814
_d6814